000 00486nam a22001817a 4500
005 20240912162253.0
008 240912b |||||||| |||| 00| 0 eng d
020 _a9781119580089
082 _a005.36
_bFAN-A
100 _aFane, Bill
245 _aAutoCAD For Dummies /
_cBill Fane
250 _a18th ed.
260 _aUSA:
_bWiley;
_c2019.
300 _axiv, 528 p. :
_bill;
_c24 cm.
500 _ainclude index.
650 _aSocial Media Marketing for Businesses
999 _c36571
_d36571